LEADER 01140nam--2200349---450- 001 990001752540203316 005 20051014084057.0 035 $a000175254 035 $aUSA01000175254 035 $a(ALEPH)000175254USA01 035 $a000175254 100 $a20040614d1968----km-y0itay0103----ba 101 0 $ager 102 $aDE 105 $a||||||||001yy 200 1 $aAglaophamus$edrei Bucher uber die Grundlagen der Mysterienreligion der Griechen mit einer Sammlung der Fragmente der orphischen Dichter$fChristian August Lobeck 210 $aDarmstadt$cWissenschaftlich e Buchgesellshaft$d1968 215 $a2 v. (X, 1392 p. compless.)$d21 cm 410 0$12001 454 1$12001 461 1$1001-------$12001 700 1$aLOBECK,$bChristian August$0186210 801 0$aIT$bsalbc$gISBD 912 $a990001752540203316 951 $aV.1.B. 168/1(VIII A 232 I)$b39858 L.M.$cVIII A 951 $aV.1.B. 168/2(VIII A 232 II)$b39859 L.M.$cVIII A 959 $aBK 969 $aUMA 979 $aSIAV6$b10$c20040614$lUSA01$h1341 979 $aCOPAT3$b90$c20051014$lUSA01$h0840 996 $aAglaophamus$9555255 997 $aUNISA LEADER 01167nam0-22003251i-450 001 990004576100403321 005 20230608152915.0 035 $a000457610 035 $aFED01000457610 035 $a(Aleph)000457610FED01 035 $a000457610 100 $a19990604d1923----km-y0itay50------ba 101 0 $alat$agrc 105 $ay-------001yy 200 1 $aFontes historiae mysteriorum aevi hellenistici e Graecis et Latinis scriptoribus selegit brevi adnotatione intruxit$fNicolaus Turchi 210 $aRoma$cLibreria di cultura$d1923 215 $aVIII, 304 p.$d21 cm 225 1 $aCollezione "Graphe'"$v3 610 0 $aMisteri eleusini - fonti greche e latine 610 0 $aMisteri orfici - fonti greche e latine 610 0 $aMisteri - Religioni orientali - Fonti greche e latine 676 $a292 700 1$aTurchi,$bNicola$c<1882-1958>$0326653 801 0$aIT$bUNINA$gRICA$2UNIMARC 901 $aBK 912 $a990004576100403321 952 $a6/III E 34$bBibl. 96$fFLFBC 959 $aFLFBC 996 $aFontes historiae mysteriorum aevi hellenistici e Graecis et Latinis scriptoribus selegit brevi adnotatione intruxit$93367190 997 $aUNINA